Hoàn thiện pháp luật về thuế tài sản : Luận văn Thạc sỹ Luật học. Chuyên ngành Luật Kinh tế

Nghiên cứu nhằm mục đích hệ thống hóa, tạo cơ sở lý luận chung về thuế tài sản và tìm hiểu các quy định pháp luật có liên quan đến thuế tài sản.

Đã lưu trong:
Bibliografiske detaljer
Hovedforfatter: Trần, Thị Bé Duyên
Format: Bog
Sprog:Undetermined
Udgivet: Cần Thơ Trường Đại học Cần Thơ 2019
Fag:
Tags: Tilføj Tag
Ingen Tags, Vær først til at tagge denne postø!
Thư viện lưu trữ: Trung tâm Học liệu Trường Đại học Cần Thơ
LEADER 01130nam a2200241Ia 4500
001 CTU_231973
008 210402s9999 xx 000 0 und d
082 |a 343.597054 
082 |b D527 
088 |a 8380107 
100 |a Trần, Thị Bé Duyên 
245 0 |a Hoàn thiện pháp luật về thuế tài sản : 
245 0 |b Luận văn Thạc sỹ Luật học. Chuyên ngành Luật Kinh tế 
245 0 |c Trần Thị Bé Duyên ; Lê Thị Nguyệt Châu (Cán bộ hướng dẫn) 
260 |a Cần Thơ 
260 |b Trường Đại học Cần Thơ 
260 |c 2019 
520 |a Nghiên cứu nhằm mục đích hệ thống hóa, tạo cơ sở lý luận chung về thuế tài sản và tìm hiểu các quy định pháp luật có liên quan đến thuế tài sản. 
650 |a Property tax,Thuế tài sản 
650 |x Law and legislation,Luật và văn bản pháp luật 
650 |z Vietnam,Việt Nam 
910 |b nthai 
980 |a Trung tâm Học liệu Trường Đại học Cần Thơ